| 000 | 00851-am-a2200205-a-4500 | ||
|---|---|---|---|
| 001 | 000130533 | ||
| 003 | AM-YeHGA | ||
| 005 | 20250617163345.0 | ||
| 008 | 000503s1960 xxu 000 0 ger u | ||
| 020 | _c04.20 | ||
| 040 | _aAM-YeHGA | ||
| 100 | 1 | 0 | _aШелингер, Николай Анатольевич |
| 245 | 1 | 0 |
_aНемецкий язык : _bСложноподчиненное предложение : Учебное пособие / _cН.А. Шелингер, Н.Н. Нелидова ; М-во высш. и сред. спец. образ. РСФС. |
| 260 | 0 |
_aЛ. : _bБ. и. , _c1960. |
|
| 300 | _a90 с. | ||
| 650 | 4 | _aНемецкий язык | |
| 700 | 1 | _aНелидова, Надежда Николаевна | |
| 710 | 2 | _aСеверо-Западный заочный политехнический ин-т | |
| 090 | _c508716 | ||
| 999 |
_c505296 _d505296 |
||